| 000 -ლიდერი |
| ფიქსირებული სიგრძის საკონტროლო ველი |
00784nam a2200193Ia 4500 |
| 001 - საკონტროლო ნომერი |
| საკონტროლო ველი |
628 |
| 003 - საკონტროლო ნომრის იდენტიფიკატორი |
| საკონტროლო ველი |
GE_BSU |
| 005 - ბოლო ოპერაციის თარიღი და დრო |
| საკონტროლო ველი |
20221222164559.0 |
| 008 - ფიქსირებული სიგრძის მონაცემთა ელემენტები - ზოგადი ინფორმაცია |
| ფიქსირებული სიგრძის საკონტროლო ველი |
181216s2001||||ge |||||||||||||| ||geo|| |
| 040 ## - კატალოგიზაციის წყარო |
| Transcribing agency |
GE_BSU |
| 080 ## - უნივერსალური ათობითი კლასიფიკაციის ინდექსი |
| Universal Decimal Classification number |
347.1(075.8) კ–64 |
| 100 ## - მთავარი ჩანაწერი - პიროვნების სახელი |
| Personal name |
კობახიძე, ავთანდილ |
| 9 (RLIN) |
7026 |
| 245 ## - ცნობა სათაურის შესახებ |
| Title |
სამოქალაქო სამართალი : |
| Remainder of title |
წ. 1. ზოგადი ნაწილი / |
| Statement of responsibility, etc |
ა. კობახიძე ; რედ. რომან შენგელია. |
| 264 ## - წარმოების, გამოცემის, დისტრიბუციის და სხვა ცნობები |
| გამოცემის, წარმოების, დისტრიბუციის... ადგილი |
თბილისი, |
| გამოცემის, წარმოების, დისტრიბუციის... თარიღი |
2001. |
| 300 ## - ფიზიკური აღწერა |
| Extent |
384 გვ. |
| 653 ## - INDEX TERM--UNCONTROLLED |
| Uncontrolled term |
სამოქალაქო სამართლი |
| 700 ## - ADDED ENTRY--PERSONAL NAME |
| Personal name |
შენგელია, რომან |
| Relator term |
რედაქტორი |
| 9 (RLIN) |
16535 |
| 942 ## - ADDED ENTRY ELEMENTS (KOHA) |
| Koha item type |
წიგნი |
| Source of classification or shelving scheme |
|